Jak udržet volant při řízení zaměstnanců

Nároková a nenároková zložka finančnej odmeny pracovníka. Riadenie výkonu zamestnanca pomocou systému odmeňovania. Odmeňovanie naviazané na podnikateľský zámer firmy. Odmeňovanie ako nástroj riadenia.

Gespeichert in:
Bibliographische Detailangaben
1. Verfasser: Prokop, Pavel
Format: Buchkapitel
Sprache:Tschechisch
Schlagworte:
Tags: Tag hinzufügen
Keine Tags, Fügen Sie das erste Tag hinzu!

MARC

LEADER 00000naa$a2200000$$$4500
001 0051503
005 20231019113447.5
041 0 |a cze 
044 |a CZ 
245 1 0 |a Jak udržet volant při řízení zaměstnanců  |c Pavel Prokop 
520 |a Nároková a nenároková zložka finančnej odmeny pracovníka. Riadenie výkonu zamestnanca pomocou systému odmeňovania. Odmeňovanie naviazané na podnikateľský zámer firmy. Odmeňovanie ako nástroj riadenia. 
610 2 0 |a mzdy 
610 2 0 |a odmeňovanie 
610 2 0 |a manažment 
610 2 0 |a riadenie ľudských zdrojov 
610 2 0 |a vedenie ľudí 
610 2 0 |a motivácia 
100 1 |a Prokop, Pavel